Famosos España con Imágenes - Parte 3 - Estadísticas

Estadísticas generales
  • Esta prueba ha sido intentada 191 veces
  • La puntuación promedio es 7 de 16
Estadísticas de respuestas
Imagen Respuesta % Correcto
Omar Montes
97%
Abraham Mateo
94%
Alba Flores
73%
Dakota
65%
Fernando Simón
62%
Paul Thin
59%
Cristina Cifuentes
54%
Alfred García
47%
Ágatha Ruíz de la Prada
46%
Rebeca
20%
Jordi González
19%
Joan Roig
15%
Paco Porras
9%
Ángeles Muñoz
8%
Jaume Collboni
3%
Enrique Salazar
1%
No se encontraron pruebas coincidentes
Distribución de puntuación
Porcentaje de gente con cada puntuación
Porcentaje por número respondido
Historial de tus puntuaciones
No has intentado esta prueba.